000 00306nam a22001337a 4500
008 170609b xxu||||| |||| 00| 0 eng d
020 _a9780761920861
041 _aeng
080 _25 ED
_a323
100 _a19
101 _aSHP
245 _aCOUNSELING ACROSS CULTURE
_cPEDERSEN.P.B
942 _2udc
_cBK
999 _c16770
_d16770